Normal view
MARC view
Entry Personal Name
001 - CONTROL NUMBER
- control field: 10973
003 - CONTROL NUMBER IDENTIFIER
- control field: OSt
005 - DATE AND TIME OF LATEST TRANSACTION
- control field: 20160901130733.0
008 - FIXED-LENGTH DATA ELEMENTS
- fixed length control field: 160901|| aca||aabn | a|a d
040 ## - CATALOGING SOURCE
- Original cataloging agency: OSt
- Transcribing agency: OSt
100 ## - HEADING--PERSONAL NAME
- Personal name: Taylor,J.Ian;Harrison,Andrew;
670 ## - SOURCE DATA FOUND
- Source citation: Work cat.: (OSt): Taylor,J.Ian;Harrison,Andrew;, From P2P and Grids to services on the Web;, 2009.
